000 00551 a2200157 4500
999 _c70
_d70
020 _a9780495098775
050 _aBF95 SCH 2008
100 _aSchultz, Duane P.
_eauthor
245 _aA history of modern psychology /
_cDuane P. Schultz, Sydney Ellen Schultz
264 _aAustralia ; Belmont, CA :
_bThomson / Wadsworth,
_c2008
300 _axviii, 558 p. :
_b illustrations
500 _aIncludes bibliographical references and indexes.
650 _aPsychology
_xHistory
700 _aSchultz, Sydney Ellen
_eauthor
942 _2lcc
_cBK
_e9th ed.
_h95
_iSCH
_kBF